|
|
|
|
| LEADER |
01277nam a2200349 4500 |
| 001 |
000005302 |
| 003 |
1446 |
| 005 |
20110815100826.0 |
| 008 |
110815s1994 viesd |
| 020 |
|
|
|c 40000đ
|
| 041 |
0 |
|
|a vie
|
| 082 |
|
|
|a 895.92234
|b TRU
|
| 245 |
1 |
0 |
|a Truyện ngắn
|b Văn học Việt Nam sau cách mạng tháng tám
|c Hội đồng giám định Bùi Hiển...
|n Tập 3
|
| 260 |
|
|
|a H.
|b Văn học
|c 1994
|
| 300 |
|
|
|a 476 tr
|c 24 cm
|
| 490 |
|
|
|a Kỷ niệm 45 năm thành lập nhà xuất bản Văn học ( 1948 - 1993 )
|
| 653 |
|
|
|a Văn học Việt Nam
|
| 653 |
|
|
|a Sau cách mạng tháng tám
|
| 653 |
|
|
|a Truyện ngắn
|
| 700 |
|
|
|a Bùi Hiển...
|e Hội đồng giám định
|
| 773 |
|
|
|t Truyện ngắn
|w 1443
|
| 910 |
|
|
|a Nguyễn thị Kim Oanh
|d 15/ 08/ 2011
|
| OWN |
|
|
|a LSP
|
| AVA |
|
|
|a UDN50
|b LSP
|d 895.92234 TRU
|e available
|t Error 5001 Not defined in file expand_doc_bib_avail.
|f 2
|g 1
|h N
|i 0
|k 1
|
| 999 |
|
|
|a From the UDN01
|
| AVA |
|
|
|a UDN50
|b LSP
|d 895.92234 TRU
|e available
|t Error 5001 Not defined in file expand_doc_bib_avail.
|f 2
|g 1
|h N
|i 0
|k 1
|
| TYP |
|
|
|a Monograph
|
| TYP |
|
|
|a Printed language
|
| 980 |
|
|
|a Mạng thư viện Đại học Đà Nẵng
|